LEADER 00996nam a2200181 i 4500 001 000000255596 003 CaOOAMICUS 005 20171006000000.0 008 171006s1819 xx u000 u fre u 013 $a234504 026 $al.e. e,me ntga Riti (3) 1819 (A) 040 $aSeMil$bita 245 10$aTome 17. 300 $a[4], 506, [2] p. 773 0 $aClément, François <1713-1793>$tArt de verifier les dates des faits historiques, des chartes, des chroniques, et autres anciens monuments, depuis la naissance de Notre-Seigneur ... Par un religieux de la Congregation de Saint-Maur. Tome 1. [-18.].$bReimprimé avec des corrections et annotations, et continué jusqu'a nos jours, par M. de Saint-Allais ...$dA Paris : Rue de la Vrilliére, nº. 10, près la Banque : Valade, imprimeur du Roi, rue Coquillière, 1818-1819$g17$w()7789 850 $aSeMil 852 $aSeMil$W1$xVenegono$y1$m3V II 22 FA$j205942$B205942$CSeMilBibl$Z2$F219354 $8I 996 $6245$aTome 17$9(OLS)http://semarc/title/320441 LEADER 01107nam a2200265 4500 001 000000353646 003 CaOOAMICUS 005 20230505142506.0 008 230505s2021 it 000 u ita r 020 $a978-88-350-3059-1 040 $aSeMil$bita 100 1 $aChiosso, Giorgio,$d<1945- >.$0(OLS)http://semarc/name/10433 245 10$aNovecento pedagogico /$cGiorgio Chiosso ; con un'appendice sul dibattito educativo nell'Italia del secondo '900. 250 $aNuova ed. riveduta e ampliata 264 1$aBrescia :$bLa Scuola,$cstampa 2021. 300 $a354 p. ;$c22 cm 490 1 $aPedagogia ;$v18 650 4$aPedagogia - Sec. 20.$0(OLS)http://semarc/subject/6211 830 0$aPedagogia ;$v18.$0(OLS)http://semarc/title/4397 850 $aSeMil 852 $aSeMil$W1$xVenegono$y1$m2Q II 562$j240035$B244875$CSeMilBibl$Z2$F244875 $81 996 $6020$a978-88-350-3059-1$9(OLS)http://semarc/number/298073 996 $6245$aNovecento pedagogico$9(OLS)http://semarc/title/443750 996 $6264$aBrescia :$bLa Scuola$9(OLS)http://semarc/publisher/29831